ბათუმის შოთა რუსთაველის სახელმწიფო უნივერსიტეტის ბიბლიოთეკა

"მომავალიც იმისია, ვინც..." : (ბიბ.ჩანაწერი № 59694)

000 -ლიდერი
ფიქსირებული სიგრძის საკონტროლო ველი 01234nam a22002177a 4500
003 - საკონტროლო ნომრის იდენტიფიკატორი
საკონტროლო ველი Ge_BSU
005 - ბოლო ოპერაციის თარიღი და დრო
საკონტროლო ველი 20230403154723.0
008 - ფიქსირებული სიგრძის მონაცემთა ელემენტები - ზოგადი ინფორმაცია
ფიქსირებული სიგრძის საკონტროლო ველი 230403s2012 ge ||||| |||| 00| 0 geo d
020 ## - წიგნის საერთაშორისო სტანდარტული ნომერი
International Standard Book Number 9789941436437
041 ## - ენის კოდი
Language code of text/sound track or separate title geo
080 ## - უნივერსალური ათობითი კლასიფიკაციის ინდექსი
Universal Decimal Classification number 53(479.22)(092)+ 821.353.1-94 +821.353.1-1 ხ-39
100 ## - მთავარი ჩანაწერი - პიროვნების სახელი
Personal name ხელაშვილი, ანზორ
9 (RLIN) 17440
245 ## - ცნობა სათაურის შესახებ
Title "მომავალიც იმისია, ვინც..." :
Remainder of title ეძღვნება აკადემიკოს ალბერტ (ალეკო) თავხელიძეს /
Statement of responsibility, etc ანზორ ხელაშვილი ; რედაქტორი პარმენ მარგველაშვილი.
264 ## - წარმოების, გამოცემის, დისტრიბუციის და სხვა ცნობები
გამოცემის, წარმოების, დისტრიბუციის... ადგილი თბილისი :
გამოცემის, წარმოების, დისტრიბუციის... სახელწოდება ნეკერი,
გამოცემის, წარმოების, დისტრიბუციის... თარიღი 2012.
300 ## - ფიზიკური აღწერა
Extent 146 გვ. :
Other physical details ილ. ; +1 DVD
Dimensions 20 სმ.
501 ## - შენიშვნა თანმხლებ მასალაზე
With note ილუსტრაციები: გვ. 119-141.
653 ## - INDEX TERM--UNCONTROLLED
Uncontrolled term თავხელიძე, ალბერტ, ფიზიკოსი, აკადემიკოსი 1930-2010.
653 ## - INDEX TERM--UNCONTROLLED
Uncontrolled term ქართველი ფიზიკოსები
700 ## - ADDED ENTRY--PERSONAL NAME
Personal name მარგველაშვილი, პარმენ
Relator term რედაქტორი
9 (RLIN) 17441
942 ## - ADDED ENTRY ELEMENTS (KOHA)
Source of classification or shelving scheme
Koha item type წიგნი
ეგზემპლარები
ჩამოწერის სტატუსი დაკარგული ეგზემპლარის სტატუსი კლასიფიკაციის წყარო ან თაროზე გაწყობის სქემა მითითებული მასალები (აკინძული ტომები ან სხვა ნაწილი) დაზიანების სტატუსი არ გაიცემა მუდმივი მდებარეობა (დაცვის ადგილი) ამჟამინდელი ადგილსამყოფელი თაროზე განთავსების ადგილი შეძენის თარიღი ღირებულება, შესყიდვის ნორმალური ფასი სრული შენახვის შიფრი შტრიხკოდი ბოლო ოპერაციის თარიღი ეგზემპლარის მიმდევრობითი ნომერი (კეტერი?) Uniform Resource Identifier ფასის ძალაში შესვლის თარიღი ეგზემპლარის სახეობა საჯარო შენიშვნა
          ბათუმის შოთა რუსთაველის სახელმწიფო უნივერსიტეტის მთავარი ბიბლიოთეკა ბათუმის შოთა რუსთაველის სახელმწიფო უნივერსიტეტის მთავარი ბიბლიოთეკა წიგნსაცავი 2023-04-03 8.00 53(479.22)(092)+ 821.353.1-94 +821.353.1-1 ხ-39 64159 2023-04-03 64159 ბსუ-ს საპატიო დოქტორის გურამ ლორთქიფანიძის საჩუქარი 2023-04-03 წიგნი 8 ლ.